Lectures on elliptic curves (Record no. 80682)

MARC details
000 -LEADER
fixed length control field 00993nam a2200229 a 4500
008 - FIXED-LENGTH DATA ELEMENTS--GENERAL INFORMATION
fixed length control field 120416s1991 ||||||||||||||||| || u
020 ## - INTERNATIONAL STANDARD BOOK NUMBER
International Standard Book Number 0521425301
050 ## - LIBRARY OF CONGRESS CALL NUMBER
Classification number QA 567.2.E44 CAS
100 ## - MAIN ENTRY--PERSONAL NAME
Personal name Cassels, J. W. S
245 10 - TITLE STATEMENT
Title Lectures on elliptic curves
260 ## - PUBLICATION, DISTRIBUTION, ETC.
Place of publication, distribution, etc. Cambridge
Name of publisher, distributor, etc. Cambridge University Press
Date of publication, distribution, etc. 1991
300 ## - PHYSICAL DESCRIPTION
Extent vi, 137p.
350 ## -
-- 0.00
490 ## -
-- London Mathematical Society student texts
490 ## -
-- 24
650 ## - SUBJECT ADDED ENTRY--TOPICAL TERM
Topical term or geographic name entry element CURVES, ELLIPTIC
650 #0 - SUBJECT ADDED ENTRY--TOPICAL TERM
Topical term or geographic name entry element MATHEMATICS--HANDBOOKS, MANUALS, ETC
856 ## - ELECTRONIC LOCATION AND ACCESS
Uniform Resource Identifier http://www.loc.gov/catdir/toc/cam027/92160903.html
856 ## - ELECTRONIC LOCATION AND ACCESS
Uniform Resource Identifier http://www.loc.gov/catdir/description/cam025/92160903.html
995 ## -
-- MAIN LIBRARY OPEN ACCESS
-- 0.00
-- 727898
-- CBU-MAIN LIBRARY (Kitwe)
-- 2
-- 19.95
-- QA 567.2.E44 Cas
-- 1
-- AVAILABLE
-- 026248
-- Main Library Open Access Collection
995 ## -
-- MAIN LIBRARY OPEN ACCESS
-- 0.00
-- 727897
-- CBU-MAIN LIBRARY (Kitwe)
-- 1
-- 19.95
-- QA 567.2.E44 Cas
-- 1
-- AVAILABLE
-- 026249
-- Main Library Open Access Collection
999 ## -
-- 80682
-- 80682

No items available.